|
|
|
|
| LEADER |
00000ny a22000003n 4500 |
| 005 |
2011062308168.0 |
| 008 |
100113s2010 sp 0 0 spa d |
| 017 |
|
|
|a D.L M 46199-2009
|
| 020 |
|
|
|a 9788498497700
|
| 035 |
|
|
|a 4997
|
| 040 |
|
|
|d vLex
|
| 090 |
|
|
|c 1042
|d 1042
|
| 245 |
0 |
3 |
|a El derecho de familia en expansin̤
|h [Recurso electrn̤ico]
|b la compensacin̤ (art. 1438 del codigo civil) Sustraccin̤ internacional de menores, la filiacion, extranjeria y familia /
|c Juan Pablo Gonzl̀ez del Pozo ... [et al.]
|
| 256 |
|
|
|a Servicio en ln̕ea
|
| 260 |
|
|
|a Madrid :
|b Dykinson,
|c 2009
|
| 300 |
|
|
|a 242 p. ;
|c 21 cm
|
| 500 |
|
|
|a En la port: Asociacin̤ Espaǫla de Abogados de Familia
|
| 506 |
1 |
|
|a Contenido solo disponible en los productos indicados
|d vLex Global
|d vLex Global (Academic Edition, excluding Law Schools)
|d vLex Global (U.S. Academic Edition, Law Schools)
|d vLex Global (U.S. Academic Edition, excluding Law Schools)
|d vLex Global (Academic Edition, Law Schools)
|
| 650 |
0 |
7 |
|a Familia
|2 Tesauro vLex
|
| 700 |
1 |
|
|a Gonzl̀ez del Pozo, Juan Pablo,
|e coaut.
|
| 740 |
0 |
|
|a vLex Libros (Servicios en ln̕ea)
|
| 856 |
4 |
0 |
|u http://vlex.com/source/4997
|z Acceso restringido
|
| 942 |
|
|
|c BOOK
|